Traditional institutions of Meghalaya : (Record no. 123201)

MARC details
000 -LEADER
fixed length control field 00931nam a22002537a 4500
005 - DATE AND TIME OF LATEST TRANSACTION
control field 20170124105922.0
010 ## - LIBRARY OF CONGRESS CONTROL NUMBER
LC control number A-936414
020 ## - INTERNATIONAL STANDARD BOOK NUMBER
Terms of availability 150.00
International Standard Book Number 8186030492
035 ## - SYSTEM CONTROL NUMBER
System control number A-936414
037 ## - SOURCE OF ACQUISITION
Source of stock number/acquisition Cen Lib/Ret
040 ## - CATALOGING SOURCE
Original cataloging agency DPL
Language of cataloging EN
082 ## - DEWEY DECIMAL CLASSIFICATION NUMBER
Classification number 306.4095458
Item number GAS
100 ## - MAIN ENTRY--PERSONAL NAME
Personal name Gassah, L. S.
9 (RLIN) 4711
245 ## - TITLE STATEMENT
Title Traditional institutions of Meghalaya :
Statement of responsibility, etc by L. S. Gassah
Remainder of title a case study of doloi and his administration /
260 ## - PUBLICATION, DISTRIBUTION, ETC. (IMPRINT)
Place of publication, distribution, etc New Delhi
Name of publisher, distributor, etc Regency Publications
Date of publication, distribution, etc 1998
270 ## - ADDRESS
Address 20/36-G, Old Market, West Patel Nagar
City New Delhi
Postal code 110008
300 ## - PHYSICAL DESCRIPTION
Extent iii,76p.
Dimensions 22cm(Hb)
500 ## - GENERAL NOTE
General note Includes bibliographical references and index
650 ## - SUBJECT ADDED ENTRY--TOPICAL TERM
Topical term or geographic name as entry element Public administration
Geographic subdivision Meghalaya
9 (RLIN) 4712
650 ## - SUBJECT ADDED ENTRY--TOPICAL TERM
Topical term or geographic name as entry element Election
Geographic subdivision Meghalaya
9 (RLIN) 4713
650 ## - SUBJECT ADDED ENTRY--TOPICAL TERM
Topical term or geographic name as entry element लोक प्रशासन
Geographic subdivision मेघालय
9 (RLIN) 4714
650 ## - SUBJECT ADDED ENTRY--TOPICAL TERM
Topical term or geographic name as entry element चुनाव
Geographic subdivision मेघालय
9 (RLIN) 4715
942 ## - ADDED ENTRY ELEMENTS (KOHA)
Source of classification or shelving scheme Dewey Decimal Classification
Koha item type English Books
Classification part 306.4095458
Call number suffix GAS
Holdings
Withdrawn status Lost status Damaged status Not for loan Home library Current library Date acquired Source of acquisition Cost, normal purchase price Total Checkouts Full call number Barcode Date last seen Copy number Cost, replacement price Price effective from Koha item type
        Central Library Central Library 04/06/2015 Cen Lib/Ret 150.00   306.4095458 GAS A-936414 04/06/2015 1 150.00 04/06/2015 English Books

© Delhi Public Library
Hit Counter
free hit counter